Esgrafiados de Picasso en el Colegio Oficial de Arquitectos de Cataluña y Baleares / (Record no. 45185)

MARC details
000 -LEADER
campo de control de longitud fija 00707nam a2200181 i 4500
001 - NÚMERO DE CONTROL
campo de control 45185
003 - IDENTIFICADOR DE NÚMERO DE CONTROL
campo de control ES-MaACL
005 - FECHA Y HORA DE LA ÚLTIMA TRANSACCIÓN
campo de control 20230906161156.0
007 - CAMPO FIJO DE DESCRIPCIÓN FÍSICA--INFORMACIÓN GENERAL
campo de control de longitud fija t|
008 - DATOS DE LONGITUD FIJA--INFORMACIÓN GENERAL
campo de control de longitud fija 030325s1965 sp ||||1| spa d
100 1# - ENTRADA PRINCIPAL--NOMBRE DE PERSONA
Nombre de persona Cirici, Alexandre.
9 (RLIN) 38890
245 10 - MENCIÓN DEL TÍTULO
Título Esgrafiados de Picasso en el Colegio Oficial de Arquitectos de Cataluña y Baleares /
Mención de responsabilidad, etc. texto Alexandre Cirici ; fotografías F. Catalá Roca.
260 ## - PUBLICACIÓN, DISTRIBUCIÓN, ETC.
Lugar de publicación, distribución, etc. [Barcelona :
Nombre del editor, distribuidor, etc. Colegio Oficial de Arquitectos de Cataluña y Baleraes,
Fecha de publicación, distribución, etc. 1965]
300 ## - DESCRIPCIÓN FÍSICA
Extensión 4 p., 10 pleg., 24 lám. ;
Dimensiones 23 cm.
700 1# - ENTRADA AGREGADA--NOMBRE PERSONAL
Nombre de persona Català-Roca, Francesc.
9 (RLIN) 37014
710 2# - ENTRADA AGREGADA--NOMBRE DE ENTIDAD CORPORATIVA
Nombre de entidad corporativa o nombre de jurisdicción como elemento de entrada Colegio Oficial de Arquitectos de Cataluña y Baleares.
9 (RLIN) 2956
852 ## - LOCALIZACIÓN
Ubicación ES-MaACL
Número de control de estantería C-28724
Sublocalización o colección R.58174
Holdings
Estatus retirado Estado de pérdida Estado de daño No para préstamo Biblioteca de origen Biblioteca actual Ubicación en estantería Fecha de adquisición Fuente de adquisición Total de préstamos Signatura topográfica completa Código de barras Visto por última vez Precio de reemplazo Tipo de ítem Koha
        Biblioteca del Ateneo de Madrid Biblioteca del Ateneo de Madrid Depósito 2 17/01/2008     C-28724 1047550 23/02/2023 23/02/2023 Libro impreso